Loading...
| Science - Chemistry | 0 | 5 | 1 | 1 | 45 | 35 | 66.80 | 0 | 2 | 0.00 | 0.00 |
| History - World | 0 | 3 | 0 | 1 | 30 | 42 | 71.00 | 0 | 1 | 0.00 | 0.00 |
| Geography | 0 | 3 | 0 | 2 | 30 | 68 | 100.00 | 0 | 0 | 0.00 | 0.00 |
| Science - Biology | 0 | 2 | 0 | 0 | 20 | 35 | 38.50 | 0 | 2 | 0.00 | 0.00 |
| Pop Culture | 0 | 2 | 0 | 0 | 20 | 31 | 47.50 | 0 | 2 | 0.00 | 0.00 |
| Literature - European | 0 | 1 | 0 | 1 | 10 | 115 | 115.00 | 0 | 0 | 0.00 | 0.00 |
| Religion | 0 | 1 | 0 | 1 | 10 | 102 | 102.00 | 0 | 0 | 0.00 | 0.00 |
| Science - Other | 0 | 1 | 0 | 0 | 10 | 68 | 68.00 | 0 | 0 | 0.00 | 0.00 |
| Current Events | 0 | 1 | 0 | 1 | 10 | 106 | 106.00 | 0 | 0 | 0.00 | 0.00 |
| Science - Physics | 0 | 1 | 0 | 0 | 10 | 63 | 63.00 | 0 | 1 | 0.00 | 0.00 |
| Fine Arts - Other | 0 | 1 | 0 | 0 | 10 | 95 | 95.00 | 0 | 0 | 0.00 | 0.00 |
| History - American | 0 | 1 | 0 | 0 | 10 | 62 | 62.00 | 0 | 0 | 0.00 | 0.00 |
| History - European | 0 | 1 | 0 | 0 | 10 | 77 | 77.00 | 0 | 0 | 0.00 | 0.00 |
| History - Other | 0 | 1 | 0 | 0 | 10 | 102 | 102.00 | 0 | 0 | 0.00 | 0.00 |